(1-9G) Top des Pokémon avec le plus d'attaque spéciale. - Statistiques

Statistiques générales
  • Ce quiz a été pris 82 fois
  • Le résultat moyen est 28 sur 40
Statistiques - réponses
Pokédex Base stat Stat Niv 100, full EV / IV, modeste Réponse % Correct
150 194 535 Méga Mewtwo Y
98%
150 154 447 Mewtwo / Mewtwo X
92%
382 150 438 Kyogre
90%
384 180 504 Méga Rayquaza
90%
382 180 504 Primo Kyogre
90%
384 150 438 Rayquaza
90%
094 170 482 Méga Ectoplasma
86%
386 150 438 Deoxys
84%
386 180 504 Deoxys Attaque
84%
383 150 438 Primo Groudon
84%
065 175 493 Méga Alakazam
82%
800 157 454 Necrozma Ailes de l'Aurore (Lunala)
80%
006 159 458 Méga Dracaufeu Y
78%
483 150 438 Dialga / Dialga Originelle
76%
643 150 438 Reshiram
76%
484 150 438 Palkia / Palkia Originelle
75%
800 167 476 Ultra Necrozma
75%
890 145 427 Ethernatos
69%
380 140 416 Méga Latias
69%
381 160 460 Méga Latios
69%
796 173 489 Cablifère
67%
282 165 471 Méga Gardevoir
67%
254 145 427 Méga Jungko
67%
181 165 471 Méga Pharamp
67%
719 160 460 Méga Diancie
65%
720 150 438 Hoopa
63%
720 170 482 Hoopa (Déchaîné)
63%
658 153 445 Sachanobi (Amphinobi)
63%
898 165 471 Sylveroi Cavalier de l'Effroi (Spectreval)
63%
806 151 441 Pierroteknik
61%
229 140 416 Méga Démolosse
59%
646 170 482 Kyurem Blanc
55%
738 145 427 Lucanon
55%
609 145 427 Lugulabre
55%
448 140 416 Méga Lucario
55%
897 145 427 Spectreval
55%
642 145 427 Fulguris Totémique
51%
323 145 427 Méga Camérupt
45%
555 140 416 Darumacho (lol)
35%
864 145 427 Corayôme
29%
Aucun quiz correspondant
Distribution des résultats
% des personnes avec chaque résultat
Percentile par nombre de réponses
Votre historique - résultats
Vous n’avez pas pris ce quiz